[Event "Østlandsserien 2009/2010, 2. div. B"]
[Site "Korsvoll, Oslo NOR"]
[Date "2010.02.14"]
[Round "5"]
[White "Lea, Per"]
[Black "Kjølberg, Jens Hiorth"]
[Result "0-1"]
[WhiteElo "1536"]
[BlackElo "1699"]
[PlyCount "60"]
[EventDate "2009.11.08"]
[WhiteTeam "Follo"]
[BlackTeam "1911 2"]

1. e4 c5 2. Nf3 d6 3. d4 cxd4 4. Nxd4 Nf6 5. Nc3 a6 6. Bg5 e6 7. f4 Be7 8. Qf3
Qc7 9. O-O-O Nbd7 10. Bd3 h6 11. Bh4 g5 12. fxg5 Ne5 13. Qe2 Nfg4 14. h3 hxg5
15. Bg3 Nf6 16. Bxe5 dxe5 17. Nf3 Nd7 18. Qf2 b5 19. Qg3 Rg8 20. h4 b4 21. Ne2
g4 22. h5 Bb7 23. h6 O-O-O 24. h7 Rh8 25. Qxg4 f5 26. Qg6 Nc5 27. Ne1 fxe4 28.
Bc4 Rxd1+ 29. Kxd1 Qd8+ 30. Kc1 Bg5+ 0-1

[Event "Østlandsserien 2009/2010, 2. div. B"]
[Site "Korsvoll, Oslo NOR"]
[Date "2010.02.14"]
[Round "5"]
[White "Berntsen-Øybø, Bendik"]
[Black "Furnes, Torstein"]
[Result "0-1"]
[WhiteElo "1504"]
[BlackElo "1519"]
[Annotator "Furnes, Torstein"]
[PlyCount "54"]
[EventDate "2009.11.08"]
[WhiteTeam "1911 2"]
[BlackTeam "Follo"]

1. e4 c5 2. Nf3 Nc6 3. d4 cxd4 4. Nxd4 e5 5. Nb5 d6 6. N1c3 a6 7. Na3 b5 8. Nd5
Nf6 9. Bg5 Be7 10. Bxf6 Bxf6 11. Nxf6+ $6 {Det er kanskje litt tvilsomt å
bytte bort den sterke springeren. Hovedvarianten er  Etter 11.Sxf6+ har svart
en vinstprosent på 56.6 % i de 83 partiene som er registrert med dette trekket
i en stor online partidatabase.} (11. c3 O-O 12. Nc2 Bg5 13. a4) 11... Qxf6 12.
Qd5 Bb7 13. O-O-O {
Databasen har 8 partier med dette trekket. Svart vinstprosent på 62.5 %.} Qxf2
14. Kb1 (14. Qxd6 $4 {blir selvsagt møtt med} Rd8 {og hvit taper dronningen.}
15. Qxd8+ (15. Qc7 Qe3+ 16. Rd2 Qxd2+ 17. Kb1 Qd1#) 15... Nxd8) 14... O-O {
Denne stillingen har oppstått i ett parti i databasen.} 15. b4 $2 {
En feil som tillater en liten kombinasjon.} Nxb4 $1 {
Vinner bonde og legger en liten felle.} 16. Qxb7 $2 ({Hvits beste mulighet er} 
16. Qxd6 Nc6 {med svart fordel.}) 16... Ra7 $1 {Dermed er hvits dronning
fanget. Hvit får tårn og løper for dronning og bonde, men hvits uheldige
brikkeplasseringer gjør at svart snart vinner mer materiell.} 17. Qxa7 Qxa7 18.
Rxd6 $6 Qc5 19. Rd1 Qc3 20. Rd3 Nxd3 21. Bxd3 Qxa3 22. Rf1 Rd8 23. Rf3 Qb4+ 24.
Kc1 a5 25. g4 a4 26. h4 a3 27. Bxb5 Qb2# 0-1

[Event "Østlandsserien 2009/2010, 2. div. B"]
[Site "Ås, Akershus NOR"]
[Date "2010.03.13"]
[Round "6"]
[White "Johnsen, Sylvia"]
[Black "Høva, Frode"]
[Result "0-1"]
[WhiteElo "1939"]
[BlackElo "1572"]
[PlyCount "50"]
[EventDate "2009.11.08"]
[WhiteTeam "OSS 3"]
[BlackTeam "Follo"]

1. e4 c5 2. Nf3 d6 3. Bc4 Nf6 4. c3 e6 5. Qe2 Be7 6. d4 cxd4 7. cxd4 d5 8. Bb5+
Nc6 9. e5 Ne4 10. Nc3 Bb4 11. Bd2 Nxd2 12. Bxc6+ bxc6 13. Qxd2 Ba6 14. h4 Rc8
15. a3 Qa5 16. Rc1 Be7 17. g4 c5 18. dxc5 O-O 19. g5 Qxc5 20. h5 d4 21. Ne2 Qd5
22. Nexd4 Qe4+ 23. Kd1 Rxc1+ 24. Qxc1 Rc8 25. Qa1 Rd8 0-1

[Event "Østlandsserien 2009/2010, 2. div. B"]
[Site "Ås, Akershus NOR"]
[Date "2010.03.13"]
[Round "6"]
[White "Rundgren, Anders"]
[Black "Furnes, Torstein"]
[Result "1-0"]
[WhiteElo "1708"]
[BlackElo "1519"]
[PlyCount "61"]
[EventDate "2009.11.08"]
[WhiteTeam "OSS 3"]
[BlackTeam "Follo"]

1. e4 c5 2. Nc3 Nc6 3. g3 Nf6 4. Bg2 e6 5. Nge2 d5 6. exd5 exd5 7. d4 c4 8. O-O
Be7 9. Nf4 Be6 10. Re1 Qd7 11. Nxe6 fxe6 12. Bh3 Nd8 13. Qe2 Kf7 14. f4 Re8 15.
Qf3 b5 16. f5 exf5 17. Bxf5 Qc6 18. Bg5 b4 19. Ne2 h6 20. Bd2 a5 21. Nf4 Kg8
22. Ng6 Ra7 23. Re2 Qb6 24. c3 bxc3 25. bxc3 a4 26. Rae1 Qd6 27. Re6 Qa3 28.
Bc1 Qxa2 29. Nxe7+ Kf8 30. Ng6+ Kf7 31. Rxe8 1-0

[Event "Østlandsserien 2009/2010, 2. div. B"]
[Site "Ås, Akershus NOR"]
[Date "2010.03.13"]
[Round "6"]
[White "Moberg, Jan Rune"]
[Black "Børresen, Jon"]
[Result "1-0"]
[WhiteElo "1484"]
[BlackElo "1262"]
[PlyCount "73"]
[EventDate "2009.11.08"]
[WhiteTeam "Follo"]
[BlackTeam "OSS 3"]

1. d4 Nf6 2. c4 g6 3. Nf3 Bg7 4. g3 c6 5. Bg2 Na6 6. O-O d5 7. b3 O-O 8. Nbd2
b6 9. Bb2 Bb7 10. Rb1 Nc7 11. Ne5 Ne6 12. e3 Rc8 13. f4 Qc7 14. Rc1 Qd6 15. a3
Ba8 16. b4 c5 17. cxd5 Nxd5 18. Ndc4 Qd8 19. e4 Nf6 20. d5 Nc7 21. bxc5 bxc5
22. Ng4 Nh5 23. Bxg7 Kxg7 24. Nge3 Nb5 25. a4 Nd4 26. Na3 Bb7 27. Rxc5 Ne2+ 28.
Qxe2 Rxc5 29. Qb2+ Kg8 30. Qxb7 Qa5 31. Qxe7 Rc3 32. Nac2 Qb6 33. Kh1 Rfc8 34.
d6 Rd3 35. g4 Ng7 36. Nd5 Qc6 37. Ncb4 1-0

[Event "Østlandsserien 2009/2010, 2. div. B"]
[Site "Oslo NOR"]
[Date "2010.03.14"]
[Round "7"]
[White "Lea, Per"]
[Black "Olsen, Andrei"]
[Result "1/2-1/2"]
[WhiteElo "1536"]
[BlackElo "1633"]
[PlyCount "59"]
[EventDate "2009.11.08"]
[WhiteTeam "Follo"]
[BlackTeam "Akademisk 2"]

1. e4 e5 2. Nf3 Nc6 3. Bb5 a6 4. Ba4 Nf6 5. O-O Be7 6. Re1 b5 7. Bb3 d6 8. h3
O-O 9. c3 Na5 10. Bc2 c5 11. d4 Qc7 12. Nbd2 Bd7 13. d5 Rfe8 14. Nf1 h6 15. g4
Nh7 16. Ng3 Ng5 17. Kh2 Nxf3+ 18. Qxf3 Bg5 19. Rg1 Nc4 20. Nf5 Bxf5 21. gxf5 f6
22. Rg4 Qf7 23. h4 Bxc1 24. Rxc1 Nxb2 25. Rcg1 Re7 26. Rg6 Kh7 27. Rb1 Nc4 28.
Rbg1 Nb2 29. Rb1 Nc4 30. Rbg1 1/2-1/2

[Event "Østlandsserien 2009/2010, 2. div. B"]
[Site "Oslo NOR"]
[Date "2010.03.14"]
[Round "7"]
[White "Johansen, Pål H"]
[Black "Furnes, Torstein"]
[Result "1-0"]
[WhiteElo "1596"]
[BlackElo "1519"]
[PlyCount "85"]
[EventDate "2009.11.08"]
[WhiteTeam "Akademisk 2"]
[BlackTeam "Follo"]

1. e4 c5 2. Nf3 Nc6 3. d4 cxd4 4. Nxd4 e5 5. Nb5 d6 6. c4 Be7 7. Be2 a6 8. N5c3
Nf6 9. O-O O-O 10. Be3 Be6 11. f3 Rc8 12. Nd5 Bxd5 13. cxd5 Nb8 14. Qb3 Qd7 15.
Nc3 Ne8 16. Na4 Bd8 17. Bb6 f5 18. exf5 Rxf5 19. Bd3 Rf4 20. Be4 g5 21. Be3 Rf7
22. g4 Ng7 23. Rac1 b5 24. Nc3 Qb7 25. Ne2 Rfc7 26. Qd3 Ne8 27. Ng3 a5 28. Nf5
Na6 29. Qd2 Nc5 30. Bxg5 b4 31. Nh6+ Kh8 32. Bf5 Ra8 33. Be3 Nf6 34. Rfd1 a4
35. g5 Ng8 36. Ng4 Ne7 37. Bb1 Ra5 38. f4 Nd7 39. Rxc7 Bxc7 40. Be4 exf4 41.
Bd4+ Ne5 42. Qxf4 N7g6 43. Qf6+ 1-0

[Event "Østlandsserien 2008/2009, 2. div. B"]
[Site "Korsvoll, Oslo NOR"]
[Date "2008.11.09"]
[Round "1"]
[White "Lange, David"]
[Black "Furnes, Harald"]
[Result "1/2-1/2"]
[WhiteElo "1663"]
[BlackElo "1803"]
[PlyCount "122"]
[EventDate "2008.11.09"]
[WhiteTeam "Follo 1"]
[BlackTeam "SK 1911 3"]

1. d4 d5 2. Nf3 Nf6 3. e3 g6 4. c4 c6 5. Nc3 Bg7 6. Be2 O-O 7. O-O Re8 8. b3
Bg4 9. Bb2 Nbd7 10. h3 Bf5 11. Bd3 Bxd3 12. Qxd3 Qb6 13. cxd5 Nxd5 14. Nxd5
cxd5 15. Rfc1 Rac8 16. Rxc8 Rxc8 17. Rc1 Rxc1+ 18. Bxc1 Qc6 19. Bb2 a6 20. Qc3
Qxc3 21. Bxc3 f6 22. Nd2 Kf7 23. Kf1 e5 24. e4 Ke6 25. exd5+ Kxd5 26. dxe5 Nxe5
27. Ke2 Bf8 28. f4 Nd7 29. Kf3 Bc5 30. Ne4 Bd4 31. Bb4 Bb2 32. Be7 Bd4 33. Ba3
Ba1 34. Nd6 b5 35. Ne8 Kc6 36. g4 Bc3 37. Be7 a5 38. Ke3 Nb6 39. Bd8 Nd5+ 40.
Ke4 a4 41. bxa4 bxa4 42. h4 a3 43. f5 Bb2 44. Ba5 gxf5+ 45. Kxf5 Kd7 46. Ng7
Ke7 47. Nh5 Kf7 48. g5 Ne7+ 49. Kg4 $11 f5+ 50. Kf3 Ng6 51. Kg3 Be5+ 52. Kh3
Bd6 53. Bc3 Nf4+ 54. Nxf4 Bxf4 55. Bb4 Bc1 56. Kg3 Kg6 57. Bd6 Kh5 58. Be7 h6
59. gxh6 Kxh6 60. Kf2 Kh5 61. Kf3 Kg6 1/2-1/2

[Event "Østlandsserien 2008/2009, 2. div. B"]
[Site "Korsvoll, Oslo NOR"]
[Date "2008.11.09"]
[Round "1"]
[White "Johansen, Torbjørn R"]
[Black "Lange, Holger"]
[Result "1-0"]
[WhiteElo "1480"]
[BlackElo "1628"]
[PlyCount "111"]
[EventDate "2008.11.09"]
[WhiteTeam "SK 1911 3"]
[BlackTeam "Follo 1"]

1. e4 c5 2. Nf3 Nc6 3. d4 cxd4 4. Nxd4 Nf6 5. Nc3 d6 6. Be2 e6 7. O-O Be7 8.
Kh1 O-O 9. f4 Qb6 10. Nf3 Ng4 11. Qe1 Bf6 12. Qg3 Ne3 13. Bxe3 Qxe3 14. Bd3 Qc5
15. e5 dxe5 16. Ne4 Qe7 17. fxe5 Bxe5 18. Nxe5 f5 19. Nxc6 bxc6 20. Ng5 h6 21.
Nf3 Bd7 22. Rae1 Qf6 23. Ne5 Be8 24. Bc4 Kh7 25. b3 Rc8 26. Nd3 Bf7 27. Nc5
Rfe8 28. Qd6 Red8 29. Qe5 Qg6 30. Rf3 Rd2 31. Rg3 Qf6 32. Qxf6 gxf6 33. Rd3
Rxc2 34. Rd7 Kg6 35. Rxf7 Rxc4 36. Rxf6+ Kxf6 37. Rxe6+ Kf7 38. bxc4 Rd8 39. h3
Rd4 40. Rxh6 Rxc4 41. Rxc6 Ke7 42. Kh2 Rc2 43. a4 f4 44. Kg1 a5 45. h4 Kf7 46.
h5 Kg8 47. Rc7 Rc1+ 48. Kf2 Rh1 49. Nd7 Kf7 50. Rc5 Ke7 51. Ne5 Ke6 52. Ng4 Kd6
53. Rxa5 Kc6 54. Rf5 Kb6 55. h6 Rh4 56. Kf3 1-0

[Event "Østlandsserien 2008/2009, 2. div. B"]
[Site "Korsvoll, Oslo NOR"]
[Date "2008.11.09"]
[Round "1"]
[White "Lea, Per"]
[Black "Fjellestad, Helge"]
[Result "0-1"]
[WhiteElo "1579"]
[BlackElo "1379"]
[PlyCount "84"]
[EventDate "2008.11.09"]
[WhiteTeam "Follo 1"]
[BlackTeam "SK 1911 3"]

1. e4 e5 2. Nf3 Nc6 3. Bb5 Nf6 4. O-O d6 5. d4 exd4 6. Nxd4 Bd7 7. Nxc6 bxc6 8.
Bd3 Be7 9. b3 O-O 10. Bb2 a5 11. Nd2 Ne8 12. f4 g6 13. Nf3 Ng7 14. Qe2 Ne6 15.
Nd4 Nxd4 16. Bxd4 Bf6 17. Bxf6 Qxf6 18. e5 Qe7 19. Rae1 dxe5 20. Qxe5 Qxe5 21.
Rxe5 Rfe8 22. Rfe1 Kf8 23. Kf2 a4 24. f5 axb3 25. axb3 Rxe5 26. Rxe5 Re8 27.
Rxe8+ Kxe8 28. g4 Ke7 29. Kf3 Kf6 30. Kf4 g5+ 31. Ke4 Ke7 32. Kd4 Kd6 33. Bc4
f6 34. b4 h6 35. h3 Bc8 36. Be6 Bxe6 37. fxe6 Kxe6 38. c4 f5 39. gxf5+ Kxf5 40.
Ke3 g4 41. hxg4+ Kxg4 42. Kf2 Kf4 0-1

[Event "Østlandsserien 2008/2009, 2. div. B"]
[Site "Korsvoll, Oslo NOR"]
[Date "2008.11.09"]
[Round "1"]
[White "Heramb, Aksel"]
[Black "Furnes, Torstein"]
[Result "0-1"]
[WhiteElo "1158"]
[BlackElo "1479"]
[PlyCount "86"]
[EventDate "2008.11.09"]

1. e4 c5 2. Nf3 Nc6 3. d4 cxd4 4. Nxd4 e5 5. Nb5 d6 6. N1c3 a6 7. Na3 b5 8. Nd5
Nf6 9. Bg5 Be7 10. Bxf6 Bxf6 11. c3 O-O 12. Nc2 Bg5 13. a4 bxa4 14. Rxa4 a5 15.
Ra2 Be6 16. Bc4 Ne7 17. O-O Rc8 18. Nxe7+ Bxe7 19. Bd5 Rc5 20. c4 Bxd5 21. cxd5
Qc7 22. b3 Rc8 23. Ne3 Rb8 24. Nc4 Rcb5 25. Qc2 Bd8 26. Qd2 Qc5 27. Rc2 Rxb3
28. Nxe5 Qb4 29. Nc6 Qxd2 30. Rxd2 Ra8 31. Ra2 Bb6 32. Rfa1 Kf8 33. Kf1 Rb5 34.
Ke2 Ke8 35. f4 f5 36. Ra4 Kd7 37. Rd1 Re8 38. Kf3 fxe4+ 39. Ke2 e3 40. Nd4 Bxd4
41. Rdxd4 Rb2+ 42. Kf3 e2 43. Re4 e1=Q 0-1

[Event "Østlandsserien 2008/2009, 2. div. B"]
[Site "Ås, Akershus NOR"]
[Date "2008.12.07"]
[Round "2"]
[White "Lange, Holger"]
[Black "Kaveldiget, Frode"]
[Result "1-0"]
[WhiteElo "1628"]
[BlackElo "1499"]
[PlyCount "45"]
[EventDate "2008.11.09"]
[WhiteTeam "Follo 1"]
[BlackTeam "Elverum"]

1. e4 e5 2. Nf3 f5 3. Nc3 Nc6 4. Bb5 Nf6 5. d3 d6 6. O-O Be7 7. Re1 f4 8. d4
Nd7 9. dxe5 O-O 10. exd6 cxd6 11. Nd5 Nde5 12. Nd4 Nxd4 13. Qxd4 Bf6 14. Qd1 f3
15. Bf4 fxg2 16. Be2 Bh4 17. Bg3 Bh3 18. Nf4 Rxf4 19. Bxf4 Bxf2+ 20. Kxf2 Qb6+
21. Kg3 Ng6 22. Qxd6 Nxf4 23. Qxb6 1-0

[Event "Østlandsserien 2008/2009, 2. div. B"]
[Site "Ås, Akershus NOR"]
[Date "2008.12.07"]
[Round "2"]
[White "Bækken, Ole"]
[Black "Lea, Per"]
[Result "1/2-1/2"]
[WhiteElo "1396"]
[BlackElo "1579"]
[PlyCount "95"]
[EventDate "2008.11.09"]
[WhiteTeam "Elverum"]
[BlackTeam "Follo 1"]

1. e4 e5 2. Nf3 Nc6 3. Bb5 a6 4. Ba4 Nf6 5. d3 b5 6. Bb3 Be7 7. O-O O-O 8. c3
d6 9. h3 Na5 10. Bc2 c5 11. Nbd2 Qc7 12. Re1 Re8 13. Nf1 Bf8 14. Ng3 g6 15. Bg5
Bg7 16. Rc1 Nc6 17. Bb1 Ne7 18. d4 Nd7 19. b3 Nb6 20. dxe5 dxe5 21. Qc2 f6 22.
Be3 f5 23. exf5 Nxf5 24. Nxf5 Bxf5 25. Qe2 Bxb1 26. Rxb1 e4 27. Nd2 Bxc3 28.
Rbc1 Nd5 29. Bh6 Qe5 30. Kh1 Re6 31. Be3 Nxe3 32. Qxe3 Bxd2 33. Qxd2 Qd4 34.
Qe3 Rd8 35. Rxc5 Qxe3 36. Rxe3 Rd1+ 37. Kh2 Rd2 38. f3 Rxa2 39. Rc7 Rd2 40.
fxe4 Rd4 41. e5 Rd5 42. Rf3 Rdxe5 43. Rff7 Re3 44. Rg7+ Kh8 45. Rxh7+ Kg8 46.
Rhg7+ Kf8 47. Rh7 Kg8 48. Rhg7+ 1/2-1/2

[Event "Østlandsserien 2008/2009, 2. div. B"]
[Site "Oslo NOR"]
[Date "2009.01.17"]
[Round "3"]
[White "Lange, David"]
[Black "Stake-Larsen, Gunnar"]
[Result "1-0"]
[WhiteElo "1647"]
[BlackElo "1984"]
[PlyCount "133"]
[EventDate "2008.11.09"]
[WhiteTeam "Follo 1"]
[BlackTeam "OSS 3"]

1. d4 d5 2. e3 c6 3. c4 e6 4. Nc3 Nf6 5. Nf3 Nbd7 6. Be2 Bd6 7. O-O O-O 8. b3
dxc4 9. Bxc4 e5 10. Qc2 Qe7 11. Bb2 e4 12. Nd2 Re8 13. Rfe1 Nb6 14. Be2 Nbd5
15. Nc4 Bc7 16. Ba3 Qe6 17. Nxd5 Nxd5 18. Bf1 Qh6 19. g3 Bg4 20. Bg2 f5 21.
Rac1 Re6 22. Nd2 Qh5 23. Nf1 Rae8 24. Qd2 Kh8 25. Rc2 Rh6 26. h4 g5 27. hxg5
Qxg5 28. Nh2 Bh3 29. f4 exf3 30. Nxf3 Qxg3 31. Qf2 Qxg2+ 32. Qxg2 Bxg2 33. Rxg2
Rg6 34. Ne5 Rxg2+ 35. Kxg2 Bxe5 36. dxe5 Kg8 37. Bd6 Kf7 38. e4 fxe4 39. Rxe4
Rg8+ 40. Kf3 Ke6 41. Rh4 Rg7 42. Rh2 Ne7 43. Bxe7 Rxe7 44. Ke4 Rg7 45. Rh6+ Ke7
46. Rh4 a5 47. Kf5 Rf7+ 48. Ke4 Rg7 49. Kd4 Ke6 50. Rh6+ Kf5 51. Rf6+ Kg5 52.
Rf2 h5 53. e6 Kh4 54. Ke5 Kg3 55. Rf7 Rg5+ 56. Kf6 Rg4 57. Rg7 Rxg7 58. Kxg7 h4
59. e7 h3 60. e8=Q Kg2 61. Qe2+ Kg1 62. Qh5 h2 63. Qg4+ Kf2 64. Qh3 Kg1 65.
Qg3+ Kh1 66. Qf2 c5 67. Qf1# 1-0

[Event "Østlandsserien 2008/2009, 2. div. B"]
[Site "Oslo NOR"]
[Date "2009.01.17"]
[Round "3"]
[White "Undheim, Bjarne"]
[Black "Lange, Holger"]
[Result "0-1"]
[WhiteElo "1671"]
[BlackElo "1628"]
[PlyCount "100"]
[EventDate "2008.11.09"]
[WhiteTeam "OSS 3"]
[BlackTeam "Follo 1"]

1. e4 c5 2. Nc3 e6 3. g3 Nc6 4. Bg2 g6 5. Nge2 Bg7 6. O-O Nge7 7. d3 O-O 8. Be3
d6 9. Qd2 Re8 10. d4 cxd4 11. Nxd4 Ne5 12. Qe2 d5 13. Rad1 Nc4 14. Bc1 Nb6 15.
Nb3 d4 16. f4 Nc6 17. e5 Nd5 18. Nxd5 exd5 19. Nxd4 Qb6 20. c3 Be6 21. Kh1 Nxd4
22. Rxd4 Rad8 23. Rfd1 Qa5 24. b4 Qc7 25. Qd2 Bg4 26. Re1 Be6 27. h3 Rd7 28.
Kh2 Red8 29. Bf1 Rc8 30. Bb2 Qc6 31. b5 Qc7 32. Bg2 Rcd8 33. Bf3 Bf8 34. Qe2
Qa5 35. Ba1 Bc5 36. Rd2 d4 37. cxd4 Bb4 38. Red1 Bxd2 39. Rxd2 Bc4 40. Qd1 Qxb5
41. Bg4 Be6 42. Qf3 Qb1 43. Qc3 Bd5 44. Rd1 Qxa2+ 45. Rd2 Qb1 46. Rd1 Qe4 47.
Rg1 Re7 48. Qd2 Rc7 49. Bd1 Rdc8 50. Re1 Rc2 0-1

[Event "Østlandsserien 2008/2009, 2. div. B"]
[Site "Oslo NOR"]
[Date "2009.01.17"]
[Round "3"]
[White "Lea, Per"]
[Black "Hansen, Tommy"]
[Result "1/2-1/2"]
[WhiteElo "1562"]
[BlackElo "1188"]
[PlyCount "36"]
[EventDate "2008.11.09"]
[WhiteTeam "Follo 1"]
[BlackTeam "OSS 3"]

1. e4 d6 2. d4 Nf6 3. Nc3 g6 4. Bc4 Bg7 5. Nf3 O-O 6. O-O Nxe4 7. Bxf7+ Rxf7 8.
Nxe4 h6 9. h3 Qf8 10. Ne1 Nc6 11. Be3 e5 12. d5 Ne7 13. c4 Bd7 14. Rc1 Nf5 15.
Nc2 Nh4 16. Kh2 Qc8 17. Rh1 Nf5 18. Bd2 Ba4 1/2-1/2

[Event "Østlandsserien 2008/2009, 2. div. B"]
[Site "Oslo, Majorstuen"]
[Date "2009.01.17"]
[Round "3"]
[White "Børresen, Jon"]
[Black "Furnes, Torstein"]
[Result "0-1"]
[WhiteElo "1106"]
[BlackElo "1479"]
[PlyCount "58"]
[EventDate "2008.11.09"]
[WhiteTeam "OSS 3"]
[BlackTeam "Follo 1"]

1. e4 c5 2. Nc3 Nc6 3. Nge2 d6 4. g3 Nf6 5. Bg2 g6 6. d3 Bg7 7. Be3 O-O 8. h4
Ng4 9. Bd2 f5 10. Nf4 fxe4 11. dxe4 Nxf2 12. Kxf2 e5 13. Rf1 exf4 14. Bxf4
Rxf4+ 15. gxf4 Qxh4+ 16. Ke3 Nd4 17. Nd5 Bg4 18. Bf3 Nxf3 19. Rxf3 Bd4+ 20. Kd3
Qh5 21. c3 Bxf3 22. Qb3 Bxe4+ 23. Kxe4 Qf5+ 24. Kf3 Qh3+ 25. Ke2 Re8+ 26. Ne7+
Kf8 27. cxd4 Rxe7+ 28. Kd2 Qg2+ 29. Kd3 Qe2+ 0-1

[Event "Østlandsserien 2008/2009, 2. div. B"]
[Site "Nordstrand, Oslo NOR"]
[Date "2009.01.18"]
[Round "4"]
[White "Lange, David"]
[Black "Vigdal, Per Kristian"]
[Result "0-1"]
[WhiteElo "1647"]
[BlackElo "1791"]
[PlyCount "128"]
[EventDate "2008.11.09"]
[WhiteTeam "Follo 1"]
[BlackTeam "Nordstrand 2"]

1. d4 Nf6 2. c4 e6 3. Nf3 d5 4. e3 Nbd7 5. Nc3 c6 6. Be2 Bd6 7. O-O O-O 8. b3
e5 9. dxe5 Nxe5 10. cxd5 cxd5 11. Nxd5 Nxd5 12. Qxd5 Qf6 13. Nd4 Bg4 14. Bxg4
Nxg4 15. f4 Rfe8 16. Qf3 Bc5 17. Rd1 Qh4 18. h3 Bxd4 19. Rxd4 Qe1+ 20. Qf1
Qxf1+ 21. Kxf1 Nxe3+ 22. Bxe3 Rxe3 23. Rd7 b6 24. Rc1 Re4 25. Rxa7 Rxf4+ 26.
Kg1 Rd8 27. Rd7 Re8 28. Rd6 h5 29. Rxb6 Re2 30. Rf1 Rd4 31. Rb8+ Kh7 32. Rxf7
Rdd2 33. Rbf8 Rxg2+ 34. Kf1 Rxa2 35. Rf2 Raxf2+ 36. Rxf2 Rg3 37. Rb2 Rxh3 38.
b4 Rf3+ 39. Kg2 Rf6 40. b5 Rb6 41. Kh3 g5 42. Rb3 Kg6 43. Rb2 Kf5 44. Rb4 Ke5
45. Rb1 g4+ 46. Kh4 Kf4 47. Rf1+ Ke4 48. Kxh5 g3 49. Rb1 Kf3 50. Rb3+ Kf2 51.
Rb2+ Kg1 52. Kh4 g2 53. Rb3 Kf2 54. Rb2+ Kf3 55. Rb3+ Kf4 56. Rb4+ Kf5 57. Rb1
Rg6 58. Rg1 Kf4 59. Kh5 Rg8 60. b6 Kf3 61. b7 Kf2 62. Rb1 g1=Q 63. Rb2+ Ke3 64.
Rb3+ Kd4 0-1

[Event "Østlandsserien 2008/2009, 2. div. B"]
[Site "Nordstrand, Oslo NOR"]
[Date "2009.01.18"]
[Round "4"]
[White "Lund, Arne-Birger"]
[Black "Lange, Holger"]
[Result "1/2-1/2"]
[WhiteElo "1940"]
[BlackElo "1628"]
[PlyCount "80"]
[EventDate "2008.11.09"]
[WhiteTeam "Nordstrand 2"]
[BlackTeam "Follo 1"]

1. e4 c5 2. d4 cxd4 3. c3 dxc3 4. Nxc3 Nc6 5. Nf3 d6 6. Bc4 e6 7. Qe2 Be7 8.
O-O Nf6 9. Rd1 e5 10. h3 O-O 11. Be3 Bd7 12. Rac1 a6 13. a3 Rc8 14. b4 b5 15.
Bb3 Be6 16. Bxe6 fxe6 17. Qa2 Qd7 18. Ng5 Nd8 19. Nf3 Nf7 20. Rd3 Rc6 21. Rcd1
Qc8 22. Qb3 Rd8 23. Ng5 Rc4 24. f3 h6 25. Nxf7 Kxf7 26. a4 d5 27. exd5 Rxb4 28.
dxe6+ Kg6 29. Rxd8 Qc7 30. Qc2+ e4 31. Qd2 Bxd8 32. Qxd8 Qxc3 33. Qb6 bxa4 34.
Qa7 exf3 35. gxf3 Qc2 36. Rf1 Qc6 37. Qf7+ Kf5 38. e7 Qe8 39. Qxg7 Qg6+ 40.
Qxg6+ Kxg6 1/2-1/2

[Event "Østlandsserien 2008/2009, 2. div. B"]
[Site "Nordstrand, Oslo NOR"]
[Date "2009.01.18"]
[Round "4"]
[White "Lea, Per"]
[Black "Nilsen, Trond E"]
[Result "0-1"]
[WhiteElo "1561"]
[BlackElo "1790"]
[PlyCount "54"]
[EventDate "2008.11.09"]
[WhiteTeam "Follo 1"]
[BlackTeam "Nordstrand 2"]

1. e4 c6 2. d4 d5 3. Nc3 dxe4 4. Nxe4 Bf5 5. Ng3 Bg6 6. h4 h6 7. Nf3 Nd7 8. h5
Bh7 9. Bd3 Bxd3 10. Qxd3 e6 11. Bf4 Ngf6 12. c4 Qa5+ 13. Bd2 Bb4 14. a3 Bxd2+
15. Qxd2 Qc7 16. O-O O-O 17. Rfe1 Rfe8 18. Ne5 Rad8 19. Qf4 c5 20. dxc5 Nxc5
21. Rad1 a5 22. b4 axb4 23. axb4 Ncd7 24. Rd4 Nxe5 25. Rxd8 Rxd8 26. Rxe5 Rd1+
27. Kh2 Qxe5 0-1

[Event "Østlandsserien 2008/2009, 2. div. B"]
[Site "Nordstrand, Oslo NOR"]
[Date "2009.01.18"]
[Round "4"]
[White "Synnestvedt, Jan"]
[Black "Furnes, Torstein"]
[Result "1/2-1/2"]
[WhiteElo "1776"]
[BlackElo "1479"]
[PlyCount "105"]
[EventDate "2008.11.09"]
[WhiteTeam "Nordstrand 2"]
[BlackTeam "Follo 1"]

1. d4 d5 2. c4 e6 3. Nf3 Nf6 4. Nc3 Be7 5. Bf4 a6 6. e3 dxc4 7. Bxc4 b5 8. Be2
O-O 9. O-O Bb7 10. Rc1 Nbd7 11. a3 c5 12. dxc5 Nxc5 13. b4 Nce4 14. Qxd8 Rfxd8
15. Nxe4 Bxe4 16. Ne5 Rd2 17. Bf3 Bxf3 18. gxf3 Nd5 19. Nc6 Bf6 20. Be5 Bxe5
21. Nxe5 Ra2 22. Ra1 Rxa1 23. Rxa1 Rc8 24. Rd1 f6 25. Nd3 Rc3 26. e4 Nb6 27.
Nc5 Rxa3 28. Rd6 Nc4 29. Rxa6 Rxa6 30. Nxa6 Kf7 31. Kf1 e5 32. Nc7 Nd6 33. Ke2
Kg6 34. Ke3 Kg5 35. Ne6+ Kg6 36. f4 Kf7 37. Nc7 g5 38. f5 h5 39. f3 h4 40. Kf2
Kg7 41. Kg2 Kh6 42. Kh3 Kh5 43. Nd5 Ne8 44. Ne3 Kh6 45. Kg2 Kg7 46. Kf2 Kf7 47.
Nd5 Kg7 48. Ke2 Kf7 49. Kd3 Nd6 50. Nc7 Ke7 51. h3 Kd7 52. Nd5 Ne8 53. Ke3
1/2-1/2

[Event "Østlandsserien 2008/2009, 2. div. B"]
[Site "Ås, Akershus NOR"]
[Date "2009.02.15"]
[Round "5"]
[White "Anderl, Christoph"]
[Black "Lange, Holger"]
[Result "1-0"]
[WhiteElo "1594"]
[BlackElo "1628"]
[PlyCount "115"]
[EventDate "2008.11.09"]
[WhiteTeam "Stjernen 2"]
[BlackTeam "Follo 1"]

1. d4 Nf6 2. Bf4 d5 3. Nf3 e6 4. e3 Be7 5. h3 Nbd7 6. Bd3 c5 7. c3 h6 8. Nbd2
Nb6 9. Ne5 Bd7 10. a4 O-O 11. a5 Nc8 12. g4 Nh7 13. Ndf3 cxd4 14. exd4 Bc6 15.
h4 Nd6 16. g5 h5 17. Nxc6 bxc6 18. Ne5 g6 19. Nxc6 Qe8 20. Nxe7+ Qxe7 21. Qe2
Rac8 22. O-O Rfe8 23. Rfe1 Qd7 24. Be5 Nc4 25. Bg3 Qb7 26. Reb1 Qe7 27. Qc2 Nf8
28. Re1 Kg7 29. b3 Nd6 30. Be5+ Kg8 31. c4 Nb7 32. c5 Nd7 33. Bxg6 Nxe5 34.
Bh7+ Kh8 35. Rxe5 f6 36. gxf6 Qxh7 37. Qxh7+ Kxh7 38. f7 Rf8 39. Rxe6 Rxf7 40.
a6 Rg8+ 41. Kf1 Nd8 42. Re5 Kh6 43. Rxd5 Rfg7 44. Rd6+ Kh7 45. Ke2 Re7+ 46. Kd3
Ne6 47. Kc4 Rg4 48. c6 Rxh4 49. Re1 Rf7 50. Rexe6 Rxf2 51. Rd7+ Kg8 52. Re8+
Rf8 53. Rxf8+ Kxf8 54. Rd8+ Ke7 55. c7 Rh1 56. c8=Q Rc1+ 57. Kd5 Rxc8 58. Rxc8
1-0

[Event "Østlandsserien 2008/2009, 2. div. B"]
[Site "Ås, Akershus NOR"]
[Date "2009.02.15"]
[Round "5"]
[White "Lea, Per"]
[Black "Sollum, Espen"]
[Result "1-0"]
[WhiteElo "1562"]
[BlackElo "1627"]
[PlyCount "99"]
[EventDate "2008.11.09"]
[WhiteTeam "Follo 1"]
[BlackTeam "Stjernen 2"]

1. e4 c5 2. Nf3 e6 3. d4 cxd4 4. Nxd4 Nc6 5. Nc3 Qc7 6. Ndb5 Qb8 7. Be3 Nf6 8.
a3 Be7 9. f4 d6 10. Be2 O-O 11. Bf3 Nd7 12. Qd2 a6 13. Nd4 Qc7 14. g4 Rb8 15.
h4 b5 16. Na2 Bb7 17. g5 Rfc8 18. c3 Na5 19. Qg2 Nc4 20. Bg1 Nxa3 21. bxa3 Qa5
22. Be3 Qxa3 23. O-O Ra8 24. Qd2 Qa5 25. Nb4 Qc7 26. Rfc1 Nb6 27. Qc2 Bf8 28.
h5 Nc4 29. Bf2 Qd8 30. Nd3 e5 31. Nf5 exf4 32. Nxf4 Qxg5+ 33. Ng2 Ne5 34. Qe2
Qd8 35. Nf4 Rc4 36. Bd4 Qg5+ 37. Ng2 Nd7 38. Kh2 g6 39. Rg1 Qd8 40. Nf4 Ne5 41.
Bh1 Bg7 42. hxg6 hxg6 43. Nxg7 Kxg7 44. Nxg6 fxg6 45. Rxg6+ Kxg6 46. Rg1+ Kf6
47. Qf3+ Ke6 48. Qf5+ Ke7 49. Rg7+ Ke8 50. Qh5+ 1-0